SKINNY - Billie Eilish (All Lyrics) - Statistics

General Stats
  • This quiz has been taken 157 times
  • The average score is 137 of 157
Answer Stats
Lyrics % Correct
a
100%
I
100%
I,
100%
the
100%
skinny
99%
and
98%
And
98%
it
98%
me
98%
is
96%
Just
96%
look
96%
think
96%
But
95%
for
95%
got
95%
happy
95%
in
95%
love
95%
old
95%
pretty
95%
real
95%
say
95%
she's
95%
still
95%
Still
95%
because
94%
cry
94%
Cry
94%
cry?
94%
fell
94%
first
94%
time
94%
good
93%
People
93%
With
93%
you
93%
friend,
91%
to
91%
on
90%
it's
89%
maybe
89%
sign
89%
do
88%
of
88%
when
88%
When
88%
feel
86%
one
86%
took
84%
Twenty-
84%
lifetime
83%
off
81%
Am
80%
fine
79%
I'm
79%
so
79%
Feelin'
78%
my
78%
my,
78%
bird
76%
cage
76%
said
76%
now?
75%
keep
74%
your
74%
acting
73%
did
73%
stage,
73%
was
73%
funny
71%
long
71%
age
70%
gotta
70%
hungry
70%
kind
70%
secret
70%
way
70%
know
69%
out?
69%
didn't
68%
internet
68%
loved
68%
step
68%
why
68%
already
66%
feed
66%
never
66%
wrong
66%
dog
65%
get
65%
somebody's
65%
meanest
61%
gone
59%
patience
56%
pound
54%
Oh,
51%
No matching quizzes found
Score Distribution
Percent of People with Each Score
Percentile by Number Answered
Your Score History
You have not taken this quiz